| 000 | 00763cam a22002535a 4500 | ||
|---|---|---|---|
| 001 | 17719323 | ||
| 005 | 20150503125800.0 | ||
| 008 | 130501s2014 caua frb 001 0 eng d | ||
| 020 | _a9781446257302 (hardback) | ||
| 020 | _a9781446257319 (pbk.) | ||
| 040 |
_aDLC _beng _cDLC _dEG-ScBUE |
||
| 082 | 0 | 0 |
_222 _bFUC _a302.231 |
| 100 | 1 |
_aFuchs, Christian _937781 |
|
| 245 | 1 | 0 |
_aSocial media : _ba critical introduction / _cChristian Fuchs. |
| 260 |
_aLos Angeles : _bSAGE, _c2014. |
||
| 300 |
_avii, 293 p. : _bill. ; _c24 cm. |
||
| 500 | _aIndex : p. 289-293. | ||
| 504 | _aBibliography : p. 267-288. | ||
| 650 | 7 |
_2BUEsh _aSocial media. _932891 |
|
| 651 | _2BUEsh | ||
| 653 |
_bCOMAME _cApril2015 |
||
| 655 |
_vreading book _934232 |
||
| 942 |
_2ddc _k302.231 FUC |
||
| 999 |
_c19242 _d19214 |
||